Compendio general

Compendio general del censo agropecuario de Panamá efectuado en 1971. Informa sobre los productores (edad, ocupación principal, condición jurídica), régimen de propiedad de la tierra, aprovechamiento de las explotaciones agropecuarias, cultivos temporales y permanentes, ganado y aves, personal ocupa...

Disgrifiad llawn

Wedi'i Gadw mewn:
Manylion Llyfryddiaeth
Awdur Corfforaethol: Panamá. Contraloría General de la República. Dirección de Estadística y Censo
Fformat: Texto
Cyhoeddwyd: Panamá: Dirección de Estadística y Censo
Pynciau:
Tagiau: Ychwanegu Tag
Dim Tagiau, Byddwch y cyntaf i dagio'r cofnod hwn!

MARC

LEADER 00000 a a2200000 04500
001 20285
003
040
090 |a 084100  
110 |a Panamá. Contraloría General de la República. Dirección de Estadística y Censo  
245 |a Compendio general  
260 |a Panamá:   |b Dirección de Estadística y Censo  
300 |a 129 p.; v. 4  
520 |a Compendio general del censo agropecuario de Panamá efectuado en 1971. Informa sobre los productores (edad, ocupación principal, condición jurídica), régimen de propiedad de la tierra, aprovechamiento de las explotaciones agropecuarias, cultivos temporales y permanentes, ganado y aves, personal ocupado en las explotaciones, población, maquinaria agrícola, medios de transporte, financiamiento y asistencia técnica, e información de las zonas indígenas. Para algunos casos contiene información a partir de 1950/ACM  
650 |a PANAMA  
650 |a SECTOR AGROPECUARIO  
650 |a PRODUCCION AGRICOLA  
650 |a CENSOS AGROPECUARIOS  
650 |a INDICADORES ECONOMICOS  
650 |a CUADROS ESTADISTICOS  
999 |c 11917  |d 11917